| 000 | 00476nam a22001577a 4500 | ||
|---|---|---|---|
| 082 |
_a620.112 _bRYD _cL-21, P-37 |
||
| 100 |
_aRyder, G.H _940742 |
||
| 245 |
_aStrength of Materials _cRyder, G.H |
||
| 260 |
_aLondon _bMacmillan and Co Ltd _c1953 |
||
| 300 |
_axii, 339 p. : _bill, ; _c20 cm. |
||
| 526 |
_a0 _b0 _c0 _d620_112000000000000_RYD |
||
| 526 |
_a0 _b0 _c0 _d620_112000000000000_RYD |
||
| 526 |
_a0 _b0 _c0 _d620_112000000000000_RYD |
||
| 650 |
_aMCE _9379 |
||
| 942 |
_2ddc _cBK |
||
| 999 |
_c544995 _d544995 |
||